03447nam a2200577Ia 45000010005000000080041000050100009000460410014000550820023000692450193000922600022002853000007003075200007003146300021003216300034003426300023003766300028003996300014004276500024004416900014004657000028004797000033005077000027005407000032005679010069005999020006006689030067006749040018007419050042007599060006008019070014008079080014008219090051008359100015008869110010009019120014009119130009009259140029009349150019009639160009009829170009009919180014010009190030010145201766010449210007028109220007028179230006028249240014028309420010028449990015028547065241029s9999 xx 000 0 und d a6683 aEspañol aUCSP-MGP-0228-2017 0aPropuesta de un programa de acompañamiento pedagógico para una gestión educativa de calidad en el Nivel Inicial del Colegio Serafín de Asís, Distrito Nacional, en el periodo 2017 aDistrito Nacional a93 a64 aAcompañamiento aAcompañamiento Pedagógico aCentros Educativos aEnseñanza-Aprendizaje aGestión aGestión Educativa aElaborado easesoraBravo , Delfina eautoraRijo, Johanny Isabel  eautoraSantana, Mirtha easesoraDiroché, Ricardo  a{"1":"Rijo","2":"Santana"}b{"1":"Johanny Isabel ","2":"Mirtha"} a2 a{"1":"Diroché","2":"Bravo "}b{"1":"Ricardo ","2":"Delfina"} aMaestría en aPlanificación y Gestión Educativa a2 aNO APLICA aNO APLICA aUniversidad Católica de Santo Domingo (UCSD) aNULLbNULL a["1"] aNO APLICA aNULL a01 de Septiembre de 2017 a17/11/19 03:11 aNULL aNULL aNO APLICA a["1","2","33","89","111"] aEl propósito principal de la investigación, consistió en diseñar un programa de acompañamiento pedagógico que defina la información, los procedimientos, técnicas e instrumentos para la ejecución del mismo. El estudio fue no experimental, de alcance exploratorio y descriptivo, con la implementación de las técnicas de entrevistas y encuestas. La muestra estuvo representada por los diferentes actores del proceso (una directora, una coordinadora y doce docentes).Entre los principales resultados del estudio se observó, que la gestión del centro posee una amplia comprensión y conocimiento de las funciones e importancia del ejercicio de acompañamiento a los docentes, a pesar de esto, los acompañamientos realizados son ineficientes, pues no cuentan con una estructura de organización y lineamiento para la realización de los mismos.Del mismo modo, los docentes no son informados a la hora de acompañarlos, se hacen interrupciones en las clases, no se planifica la etapa de seguimiento y no quedan plasmadas en algún instrumento de evidencias e informaciones que pueda arrojar.  Sin embargo, los análisis realizados en las encuestas indicaron que para el personal docente, los acompañamientos son considerados como importantes para mejorar la calidad.Las principales recomendaciones del estudio indicaron que la institución educativa debe organizar un plan de acompañamiento pedagógico de seguimiento continuo, donde se establezcan los lineamientos a seguir para fortalecer el proceso de enseñanza.  Además, presentar esta investigación presume integrar una propuesta beneficiosa para el Nivel Inicial del Colegio Serafín de Asís, de forma que enriquezca las estrategias innovadoras de enseñanza. a63 a63 a1 aNO APLICA cTesis c6683d6683